Eslavística complutense
| Autor Corporativo: | |
|---|---|
| Formato: | Electrónico Seriadas |
| Lenguaje: | español búlgaro checo polaco ruso eslovaco inglés |
| Publicado: |
Madrid :
Universidad Complutense Madrid
|
| Materias: | |
| Acceso en línea: | Full text available from PRISMA Database with HAPI Index: 01/01/2005 to 01/31/2015 |
MARC
| LEADER | 00000nas a2200000 a 4500 | ||
|---|---|---|---|
| 001 | ssj0059468 | ||
| 003 | WaSeSS | ||
| 005 | 20200512172242.0 | ||
| 006 | m d | ||
| 007 | cr n | ||
| 008 | 070412c20019999sp ar s 0 0spa c | ||
| 010 | |a 2007222328 | ||
| 016 | 7 | |a 976883791 |2 DE-101 | |
| 016 | 7 | |a 2208294-3 |2 DE-600 | |
| 022 | |a 1988-2912 |l 1578-1763 |y 1578-1763 | ||
| 035 | |a (WaSeSS)ssj0059468 | ||
| 040 | |a UPM |b eng |c UPM |d CLU |d HEBIS |d GWDNB |d OCLCE |d DEBBG |d OCLCQ |d GBVCP |d OCLCQ |d OCLCF |d OCLCQ |d CUS |d AU@ |d WaSeSS | ||
| 041 | 0 | |a spa |a bul |a cze |a pol |a rus |a slo |a eng | |
| 042 | |a pcc | ||
| 050 | 1 | 4 | |a PG1 |
| 210 | 0 | |a Eslav. complut. |b (Internet) | |
| 222 | 0 | |a Eslavística complutense |b (Internet) | |
| 245 | 0 | 0 | |a Eslavística complutense |h [electronic resource]. |
| 260 | |a Madrid : |b Universidad Complutense Madrid | ||
| 310 | |a Annual | ||
| 362 | 1 | |a Began with 1 (2001). | |
| 506 | |a License restrictions may limit access. | ||
| 546 | |a Text chiefly in Spanish, some in Bulgarian, Czech, Polish, Russian, and Slovak; summaries in English and Spanish. | ||
| 588 | |a Description based on first issue; title from PDF cover (publisher's Web site, viewed June 19, 2007). | ||
| 588 | |a Latest issue consulted: Vol. 4 (2004) (viewed June 19, 2007). | ||
| 650 | 0 | |a Slavic philology |v Periodicals. | |
| 650 | 7 | |a Slavic philology. |2 fast |0 (OCoLC)fst01120745 | |
| 650 | 1 | 7 | |a Slavische talen. |2 gtt |
| 655 | 0 | |a Electronic journals. | |
| 710 | 2 | |a Universidad Complutense de Madrid. |b Titulación de Filología Eslava. | |
| 776 | 0 | 8 | |i Print version: |t Eslavística complutense |x 1578-1763 |w (DLC) 2004208441 |w (OCoLC)56320657 |
| 856 | 4 | 0 | |z Full text available from PRISMA Database with HAPI Index: 01/01/2005 to 01/31/2015 |u https://search.proquest.com/publication/237378 |